01339nam a2200349 a 4500001001200000003000800012006001900020007001500039008004100054010001700095020002500112020002700137040002100164035002100185041001300206050002600219082001600245100002000261240003400281245011700315260003800432300002300470504005100493533015200544650002000696650002400716650006000740655002900800710001700829856012600846999001700972ebr10575446CaPaEBRm u cr cn|||||||||120402s2012 enkad sb 001 0 eng d z 2012007565 z9781119951711 (pbk.) z9781118349588 (e-book) aCaPaEBRcCaPaEBR a(OCoLC)7835224841 aenghger14aTK6560b.G8613 2012eb04a621.3822231 aGustrau, Frank.10aHochfrequenztechnik.lEnglish10aRF and microwave engineeringh[electronic resource] :bfundamentals of wireless communications /cFrank Gustrau. aChichester, U.K. :bWiley,c2012. axx, 338 p. :bill. aIncludes bibliographical references and index. aElectronic reproduction.bPalo Alto, Calif. :cebrary,d2011.nAvailable via World Wide Web.nAccess may be limited to ebrary affiliated libraries. 0aRadio circuits. 0aMicrowave circuits. 0aWireless communication systemsxEquipment and supplies. 7aElectronic books.2local2 aebrary, Inc.40uhttp://site.ebrary.com/lib/rucke/Doc?id=10575446zAn electronic book accessible through the World Wide Web; click to view c78114d78114